In the eye of the beholder?: Assessments of psychopathology among prisoners by federal prison staff

Guardado en:  
Detalles Bibliográficos
Autores principales: Toch, H. (Autor) ; Adams, K. (Autor)
Tipo de documento: Print Artículo
Lenguaje:Inglés
Publicado: 1987
En: Journal of research in crime and delinquency
Año: 1987, Volumen: 24, Páginas: 129-140
Verificar disponibilidad: HBZ Gateway
Palabras clave:

MARC

LEADER 00000caa a2200000 c 4500
001 1636629911
003 DE-627
005 20220608112918.0
007 tu
008 140221s1987 xx ||||| 00| ||eng c
035 |a (DE-627)1636629911 
035 |a (DE-576)40155757X 
035 |a (DE-599)BSZ40155757X 
040 |a DE-627  |b ger  |c DE-627  |e rakwb 
041 |a eng 
100 1 |a Toch, H.  |4 aut 
245 1 0 |a In the eye of the beholder?  |b Assessments of psychopathology among prisoners by federal prison staff  |c H. Toch; K. Adams 
264 1 |c 1987 
336 |a Text  |b txt  |2 rdacontent 
337 |a ohne Hilfsmittel zu benutzen  |b n  |2 rdamedia 
338 |a Band  |b nc  |2 rdacarrier 
700 1 |a Adams, K.  |4 aut 
773 0 8 |i In  |t Journal of research in crime and delinquency  |d Thousand Oaks [u.a.] : Sage, 1964  |g 24(1987), Seite 129-140  |w (DE-627)130438405  |w (DE-600)700175-7  |w (DE-576)015931730  |x 0022-4278  |7 nnas 
773 1 8 |g volume:24  |g year:1987  |g pages:129-140 
951 |a AR 
ELC |b 1 
LOK |0 000 xxxxxcx a22 zn 4500 
LOK |0 001 3294188587 
LOK |0 003 DE-627 
LOK |0 004 1636629911 
LOK |0 005 20250505140100 
LOK |0 008 140221||||||||||||||||ger||||||| 
LOK |0 040   |a DE-21-110  |c DE-627  |d DE-21-110 
LOK |0 689   |a s  |a Psychiatrie 
LOK |0 689   |a s  |a Strafvollzug 
LOK |0 852   |a DE-21-110 
LOK |0 852 1  |m p  |9 00 
LOK |0 935   |a k110 
LOK |0 938   |k p 
LOK |0 939   |a 21-02-14  |b l01 
ORI |a SA-MARC-krimdoka001.raw